000 00433nab a2200145Ia 4500
003 ES-SlBCS
005 20210601131832.0
008 140529s1952 xxu||||| |||| 00| 0 fre d
041 _afre
100 1 _aBonduelle, Jourdain
_94729
245 0 0 _aUne ville où se resserre l'unité
_c Jourdain Bonduelle
651 4 _aJerusalén
_992390
773 0 _tVie Spirituelle (La)
_gvol. 86, nº. 372, 1952, págs. 340-352
_wRev496
942 _cAR
999 _c569658
_d569658